[Event "Chepukaitis Memorial blitz prelim"]
[Site "St Petersburg"]
[Date "2013.09.07"]
[Round "2"]
[White "Polonovsky, Evgeniy"]
[Black "Yemelin, Vasily"]
[Result "0-1"]
[WhiteElo "2163"]
[BlackElo "2559"]
[PlyCount "46"]
[EventDate "2013.09.07"]
[EventType "swiss (blitz)"]
[EventRounds "11"]
[EventCountry "RUS"]
[SourceTitle "CBM 156 Extra"]
[Source "ChessBase"]
[SourceDate "2013.10.22"]
[SourceVersion "1"]
[SourceVersionDate "2013.10.22"]
[SourceQuality "1"]

1. e4 e5 2. Nc3 Nf6 3. Bc4 Nc6 4. Nge2 Na5 5. Bb3 Be7 6. 0-0 0-0 7. d3 Nxb3 8. axb3 d5 9. exd5 Nxd5 10. f4 exf4 11. Nxd5 Qxd5 12. Nxf4 Qd4+ 13. Kh1 Bd7 14. Ra2 Bd6 15. Bd2 f6 16. Bc3 Qe3 17. Qf3 Qxf3 18. Rxf3 Bc6 19. Rf1 Rfe8 20. Raa1 Bxf4 21. Rxf4 Re2 22. Rg4 h5 23. Rh4 Rxg2 0-1

[Event "St Petersburg White Nights op"]
[Site "St Petersburg"]
[Date "2012.06.10"]
[Round "9"]
[White "Polonovsky, Evgeniy"]
[Black "Zheleznaykov, Peter"]
[Result "0-1"]
[WhiteElo "2180"]
[BlackElo "1977"]
[PlyCount "68"]
[EventDate "2012.06.02"]
[EventType "swiss"]
[EventRounds "9"]
[EventCountry "RUS"]
[SourceTitle "CBM 148 Extra"]
[Source "ChessBase"]
[SourceDate "2012.06.22"]
[SourceVersion "1"]
[SourceVersionDate "2012.06.22"]
[SourceQuality "1"]

1. e4 e6 2. d4 d5 3. Nc3 Nf6 4. e5 Nfd7 5. f4 a6 6. Nf3 c5 7. Be3 Nc6 8. Be2 b5 9. Qd2 Bb7 10. 0-0 Be7 11. Nd1 cxd4 12. Nxd4 Nxd4 13. Bxd4 Bc5 14. c3 0-0 15. Ne3 Qc7 16. Bd3 Nb6 17. b3 Rac8 18. Rac1 Nd7 19. Bb1 Qb6 20. Rcd1 a5 21. f5 Nxe5 22. f6 gxf6 23. Rxf6 Ng6 24. Ng4 Bxd4+ 25. cxd4 Rc6 26. Qh6 e5 27. Rxc6 Qxc6 28. Bxg6 fxg6 29. dxe5 d4 30. Qd2 d3 31. Nf6+ Kg7 32. Qg5 h6 33. Qg3 Qc5+ 34. Kh1 Qc2 0-1

[Event "St Petersburg White Nights op"]
[Site "St Petersburg"]
[Date "2012.06.08"]
[Round "7"]
[White "Chernyak, Viktoria"]
[Black "Polonovsky, Evgeniy"]
[Result "1-0"]
[WhiteElo "1862"]
[BlackElo "2180"]
[PlyCount "67"]
[EventDate "2012.06.02"]
[EventType "swiss"]
[EventRounds "9"]
[EventCountry "RUS"]
[SourceTitle "CBM 148 Extra"]
[Source "ChessBase"]
[SourceDate "2012.06.22"]
[SourceVersion "1"]
[SourceVersionDate "2012.06.22"]
[SourceQuality "1"]

1. e4 c5 2. Nf3 Nc6 3. d4 cxd4 4. Nxd4 e5 5. Nb5 a6 6. Nd6+ Bxd6 7. Qxd6 Qf6 8. Qxf6 Nxf6 9. Nc3 d5 10. Nxd5 Nxd5 11. exd5 Nb4 12. Bd3 Nxd5 13. 0-0 0-0 14. Re1 f6 15. b3 Rd8 16. a3 Bg4 17. f3 Bh5 18. Bc4 b5 19. Bf1 Rac8 20. c4 Nc7 21. Be3 Bf7 22. Rad1 bxc4 23. bxc4 Ne6 24. Bb6 Rxd1 25. Rxd1 g5 26. c5 a5 27. Ba6 Rb8 28. Rd7 Nd4 29. Bb7 Be6 30. Re7 Kf8 31. Rxh7 Bg8 32. Rc7 Nb5 33. Rc8+ Rxc8 34. Bxc8 1-0

[Event "Chigorin Memorial 19th"]
[Site "St Petersburg"]
[Date "2011.10.22"]
[Round "9"]
[White "Polonovsky, Evgeniy"]
[Black "Gubernatorov, Sergey"]
[Result "1-0"]
[WhiteElo "2172"]
[BlackElo "2311"]
[PlyCount "49"]
[EventDate "2011.10.14"]
[EventType "swiss"]
[EventRounds "9"]
[EventCountry "RUS"]
[SourceTitle "CBM 144 Extra"]
[Source "ChessBase"]
[SourceDate "2011.10.28"]
[SourceVersion "1"]
[SourceVersionDate "2011.10.28"]
[SourceQuality "1"]

1. e4 c5 2. b3 Nf6 3. e5 Nd5 4. Bb2 e6 5. g3 Be7 6. Bg2 0-0 7. Nc3 d6 8. exd6 Qxd6 9. Ne4 Qc7 10. h4 f5 11. Ng5 Bf6 12. Bxf6 Nxf6 13. Qe2 Re8 14. N1h3 Nc6 15. c3 h6 16. Nf4 hxg5 17. hxg5 Ng4 18. 0-0-0 Qd8 19. Bxc6 bxc6 20. f3 Qxg5 21. Rh5 Qf6 22. fxg4 fxg4 23. Rf1 e5 24. Nd5 Qg6 25. Qh2 1-0

[Event "Chigorin Memorial 19th"]
[Site "St Petersburg"]
[Date "2011.10.15"]
[Round "2"]
[White "Kantyshev, Nikita"]
[Black "Polonovsky, Evgeniy"]
[Result "0-1"]
[WhiteElo "1833"]
[BlackElo "2172"]
[PlyCount "58"]
[EventDate "2011.10.14"]
[EventType "swiss"]
[EventRounds "9"]
[EventCountry "RUS"]
[SourceTitle "CBM 144 Extra"]
[Source "ChessBase"]
[SourceDate "2011.10.28"]
[SourceVersion "1"]
[SourceVersionDate "2011.10.28"]
[SourceQuality "1"]

1. e4 c5 2. Nf3 Nc6 3. d4 cxd4 4. Nxd4 e5 5. Nxc6 bxc6 6. Nc3 Nf6 7. Bc4 Bc5 8. 0-0 0-0 9. Bg5 a5 10. Kh1 h6 11. Bh4 d6 12. h3 Be6 13. Bb3 Bd4 14. Qf3 g5 15. Bg3 Bxc3 16. Qxc3 Nxe4 17. Qxc6 Nxg3+ 18. fxg3 Rc8 19. Qe4 Qe7 20. g4 Kg7 21. c4 h5 22. c5 Rxc5 23. Bxe6 Qxe6 24. Rf5 f6 25. gxh5 Rc4 26. Qf3 d5 27. Rd1 Rd8 28. h6+ Kg6 29. h7 Qxf5 0-1

[Event "St Petersburg-ch sf"]
[Site "St Petersburg"]
[Date "2011.02.17"]
[Round "7"]
[White "Nedostup, Daniil"]
[Black "Polonovsky, Evgeniy"]
[Result "0-1"]
[WhiteElo "2037"]
[BlackElo "2166"]
[PlyCount "60"]
[EventDate "2011.02.11"]
[EventType "swiss"]
[EventRounds "9"]
[EventCountry "RUS"]
[SourceTitle "CBM 141 Extra"]
[Source "ChessBase"]
[SourceDate "2011.05.03"]
[SourceVersion "1"]
[SourceVersionDate "2011.05.03"]
[SourceQuality "1"]

1. e4 c5 2. Nc3 Nc6 3. g3 g6 4. Bg2 Bg7 5. d3 e6 6. Be3 d6 7. Qd2 Nd4 8. Nd1 h6 9. c3 Nc6 10. Ne2 f5 11. h4 e5 12. h5 g5 13. f4 g4 14. d4 cxd4 15. cxd4 Nf6 16. Ndc3 fxe4 17. Nxe4 0-0 18. d5 Nd4 19. 0-0 Nxe2+ 20. Qxe2 Bf5 21. Nxf6+ Qxf6 22. Rac1 Rae8 23. Qb5 exf4 24. Bxf4 Qd4+ 25. Kh2 Bd3 26. Qd7 Re2 27. Qxg4 Rxg2+ 28. Kxg2 Be4+ 29. Rf3 Qxb2+ 30. Kf1 Bxf3 0-1

[Event "St Petersburg-ch sf"]
[Site "St Petersburg"]
[Date "2011.02.13"]
[Round "3"]
[White "Polonovsky, Evgeniy"]
[Black "Melnikov, Dmitry"]
[Result "0-1"]
[WhiteElo "2166"]
[BlackElo "2321"]
[PlyCount "76"]
[EventDate "2011.02.11"]
[EventType "swiss"]
[EventRounds "9"]
[EventCountry "RUS"]
[SourceTitle "CBM 141 Extra"]
[Source "ChessBase"]
[SourceDate "2011.05.03"]
[SourceVersion "1"]
[SourceVersionDate "2011.05.03"]
[SourceQuality "1"]

1. Nf3 f5 2. e4 fxe4 3. Ng5 Nf6 4. d3 e5 5. dxe4 c6 6. Bd3 Bb4+ 7. c3 Bc5 8. b4 Bb6 9. Qb3 d5 10. c4 Bd4 11. Nc3 h6 12. exd5 0-0 13. 0-0 hxg5 14. Bxg5 Qe8 15. Bxf6 Rxf6 16. Rae1 Qh5 17. Be2 Qh4 18. Nd1 cxd5 19. Bf3 dxc4 20. Qxc4+ Be6 21. Qc7 Nd7 22. g3 Qg5 23. Bg2 Raf8 24. Qc2 Nb6 25. Kh1 Bg4 26. Re4 Bf5 27. Qb3+ Be6 28. Qb1 Bd5 29. Rh4 Bxg2+ 30. Kxg2 Rh6 31. Qb3+ Kh8 32. f4 Qg6 33. Rxh6+ Qxh6 34. Qd3 Qc6+ 35. Kh3 Rf6 36. fxe5 Qd7+ 37. g4 Rh6+ 38. Kg2 Rxh2+ 0-1

[Event "St Petersburg Autumn op"]
[Site "St Petersburg"]
[Date "2010.10.17"]
[Round "2"]
[White "Komarov, Andrei"]
[Black "Polonovsky, Evgeniy"]
[Result "0-1"]
[WhiteElo "2011"]
[BlackElo "2140"]
[PlyCount "76"]
[EventDate "2010.10.16"]
[EventType "swiss"]
[EventRounds "9"]
[EventCountry "RUS"]
[SourceTitle "EXT 2011"]
[Source "ChessBase"]
[SourceDate "2010.11.26"]
[SourceVersion "1"]
[SourceVersionDate "2010.11.26"]
[SourceQuality "1"]

1. e4 c5 2. Nf3 Nc6 3. d4 cxd4 4. Nxd4 e5 5. Nb5 a6 6. Nd6+ Bxd6 7. Qxd6 Qf6 8. Qxf6 Nxf6 9. f3 Nb4 10. Na3 d5 11. c3 Nc6 12. exd5 Nxd5 13. Nc4 b5 14. Nd6+ Ke7 15. Nxc8+ Raxc8 16. g3 Rhd8 17. Be2 Na5 18. Kf2 f6 19. Rd1 Rc6 20. Bd2 Nc4 21. Rab1 Nxd2 22. Rxd2 Nxc3 23. Rxd8 Nxe2 24. Rd2 Nd4 25. Re1 Kd6 26. Re3 b4 27. f4 Kd5 28. fxe5 fxe5 29. Kg2 a5 30. b3 g6 31. Rf3 Ke4 32. Rf7 Ke3 33. Rdf2 e4 34. Rb2 Kd3 35. Rf1 e3 36. Rd1+ Kc3 37. Rbb1 e2 38. Rbc1+ Nc2 0-1

[Event "Voronezh op-A 14th"]
[Site "Voronezh"]
[Date "2010.06.21"]
[Round "9"]
[White "Polonovsky, Evgeniy"]
[Black "Revo, Tatiana"]
[Result "1-0"]
[WhiteElo "2169"]
[BlackElo "1978"]
[PlyCount "53"]
[EventDate "2010.06.12"]
[EventType "swiss"]
[EventRounds "9"]
[EventCountry "RUS"]
[SourceTitle "CBM 137 Extra"]
[Source "ChessBase"]
[SourceDate "2010.09.01"]
[SourceVersion "1"]
[SourceVersionDate "2010.09.01"]
[SourceQuality "1"]

1. e4 c5 2. Nf3 d6 3. Bc4 e6 4. d4 cxd4 5. Nxd4 Nf6 6. Nc3 a6 7. Bb3 Be7 8. a4 0-0 9. 0-0 Nc6 10. Be3 Qc7 11. f4 Na5 12. Qe2 Nxb3 13. cxb3 Bd7 14. b4 e5 15. Nf5 Bxf5 16. exf5 d5 17. Rac1 exf4 18. Rxf4 Qe5 19. Qf2 Bd6 20. Rh4 Rad8 21. Bd4 Qe7 22. Re1 Ne4 23. f6 Qc7 24. Rexe4 dxe4 25. fxg7 Rfe8 26. Qf5 Bxh2+ 27. Kh1 1-0

[Event "Voronezh op-A 14th"]
[Site "Voronezh"]
[Date "2010.06.16"]
[Round "5"]
[White "Rysbayeva, Aigerim"]
[Black "Polonovsky, Evgeniy"]
[Result "1-0"]
[WhiteElo "2219"]
[BlackElo "2169"]
[PlyCount "103"]
[EventDate "2010.06.12"]
[EventType "swiss"]
[EventRounds "9"]
[EventCountry "RUS"]
[SourceTitle "CBM 137 Extra"]
[Source "ChessBase"]
[SourceDate "2010.09.01"]
[SourceVersion "1"]
[SourceVersionDate "2010.09.01"]
[SourceQuality "1"]

1. e4 c5 2. Nf3 d6 3. d4 cxd4 4. Nxd4 Nf6 5. Nc3 a6 6. Be3 e5 7. Nf3 Be7 8. Bc4 Qc7 9. Bb3 b5 10. Bg5 b4 11. Nd5 Nxd5 12. Qxd5 Bxg5 13. Nxg5 Ra7 14. 0-0-0 Qe7 15. Nf3 Be6 16. Qxd6 Qxd6 17. Rxd6 Bxb3 18. axb3 f6 19. Nh4 Kf7 20. Nf5 Rc8 21. Rb6 Kf8 22. Rxb4 Rac7 23. Ne3 Nc6 24. Rc4 Nd4 25. Rd1 a5 26. Rd3 Kf7 27. Kb1 Kg6 28. Rxc7 Rxc7 29. Rc3 Ra7 30. Nd5 h5 31. Rc7 Rxc7 32. Nxc7 Kg5 33. Nd5 h4 34. h3 f5 35. exf5 Kxf5 36. Kc1 Ne6 37. Kd2 Ke4 38. Ne3 Kd4 39. Nf5+ Ke4 40. Nxh4 Nf4 41. f3+ Kd5 42. Nf5 g5 43. Ne3+ Kd4 44. h4 gxh4 45. Nf5+ Kd5 46. Nxh4 Ke6 47. g4 Kf6 48. Nf5 Ne6 49. Ke3 Nc5 50. Nd6 Ne6 51. c3 Nd8 52. Ne4+ 1-0

[Event "RUS-ch U16"]
[Site "Dagomys"]
[Date "2009.04.23"]
[Round "9"]
[White "Markevich, Arseniy"]
[Black "Polonovsky, Evgeniy"]
[Result "0-1"]
[WhiteElo "2096"]
[BlackElo "2117"]
[PlyCount "112"]
[EventDate "2009.04.15"]
[EventType "swiss"]
[EventRounds "9"]
[EventCountry "RUS"]
[SourceTitle "CBM 130 Extra"]
[Source "ChessBase"]
[SourceDate "2009.07.02"]
[SourceVersion "2"]
[SourceVersionDate "2009.07.15"]
[SourceQuality "1"]

1. b3 Nf6 2. Bb2 g6 3. g4 Bg7 4. g5 Nh5 5. Nc3 d5 6. e3 Bf5 7. Be2 Nc6 8. Bxh5 gxh5 9. d3 e5 10. Qxh5 Qd7 11. Qe2 0-0-0 12. 0-0-0 Rhe8 13. Nxd5 Bg4 14. f3 Qxd5 15. fxg4 e4 16. Bxg7 exd3 17. Qf3 d2+ 18. Kb2 Qd6 19. Bc3 Ne5 20. Qf5+ Nd7 21. Rxd2 Qc6 22. Qf3 Qb6 23. Bd4 Qa5 24. Rd3 Ne5 25. Qf5+ Re6 26. Bxe5 Rxd3 27. Qxd3 Qxe5+ 28. Qd4 Qxe3 29. Qxe3 Rxe3 30. Kc1 Re1+ 31. Kd2 Ra1 32. h4 Kd7 33. a4 c5 34. h5 Ke6 35. Ke3 b6 36. Kf2 Rc1 37. Rh3 Rxc2+ 38. Ne2 c4 39. Rc3 Rxc3 40. Nxc3 cxb3 41. Ke3 Ke5 42. Ne4 b2 43. Nd2 Kd5 44. Kd3 Ke5 45. g6 fxg6 46. hxg6 hxg6 47. Nc4+ Kf4 48. Nxb2 Kxg4 49. Kc4 a6 50. Kd5 Kf3 51. Nc4 g5 52. Nxb6 g4 53. Nc4 g3 54. Ne5+ Ke3 55. Nc4+ Ke2 56. Ne5 g2 0-1

[Event "RUS-ch U16"]
[Site "Dagomys"]
[Date "2009.04.22"]
[Round "8"]
[White "Maleev, Pavel"]
[Black "Polonovsky, Evgeniy"]
[Result "1-0"]
[WhiteElo "2125"]
[BlackElo "2117"]
[PlyCount "35"]
[EventDate "2009.04.15"]
[EventType "swiss"]
[EventRounds "9"]
[EventCountry "RUS"]
[SourceTitle "CBM 130 Extra"]
[Source "ChessBase"]
[SourceDate "2009.07.02"]
[SourceVersion "2"]
[SourceVersionDate "2009.07.15"]
[SourceQuality "1"]

1. e4 c5 2. Nf3 Nc6 3. Bb5 g6 4. 0-0 Bg7 5. c3 e5 6. d4 cxd4 7. cxd4 exd4 8. Bf4 Nge7 9. Bd6 Qb6 10. Na3 Na5 11. e5 a6 12. Ba4 Nf5 13. Re1 Nxd6 14. exd6+ Kf8 15. Re8+ Kxe8 16. Qe2+ Kf8 17. Qe7+ Kg8 18. Ng5 1-0

[Event "RUS-ch U16"]
[Site "Dagomys"]
[Date "2009.04.21"]
[Round "7"]
[White "Polonovsky, Evgeniy"]
[Black "Smagin, Nikita"]
[Result "1/2-1/2"]
[WhiteElo "2117"]
[BlackElo "2043"]
[PlyCount "55"]
[EventDate "2009.04.15"]
[EventType "swiss"]
[EventRounds "9"]
[EventCountry "RUS"]
[SourceTitle "CBM 130 Extra"]
[Source "ChessBase"]
[SourceDate "2009.07.02"]
[SourceVersion "2"]
[SourceVersionDate "2009.07.15"]
[SourceQuality "1"]

1. e4 e6 2. d4 d5 3. e5 c5 4. c3 Nc6 5. Nf3 Qb6 6. a3 Nh6 7. b4 cxd4 8. cxd4 Nf5 9. Bb2 Be7 10. Be2 0-0 11. 0-0 Bd7 12. Qd2 Rac8 13. g4 Nh4 14. Nxh4 Bxh4 15. g5 f6 16. gxf6 gxf6 17. Kh1 Bg5 18. f4 Bh6 19. Bd3 f5 20. Qf2 a5 21. b5 Ne7 22. Qh4 Bxb5 23. Qxh6 Bxd3 24. Rg1+ Ng6 25. Rxg6+ hxg6 26. Qxg6+ Kh8 27. Qh6+ Kg8 28. Qg6+ 1/2-1/2

[Event "RUS-ch U16"]
[Site "Dagomys"]
[Date "2009.04.17"]
[Round "3"]
[White "Polonovsky, Evgeniy"]
[Black "Kiselev, Maxim2222"]
[Result "0-1"]
[WhiteElo "2117"]
[BlackElo "2198"]
[PlyCount "54"]
[EventDate "2009.04.15"]
[EventType "swiss"]
[EventRounds "9"]
[EventCountry "RUS"]
[SourceTitle "CBM 130 Extra"]
[Source "ChessBase"]
[SourceDate "2009.07.02"]
[SourceVersion "2"]
[SourceVersionDate "2009.07.15"]
[SourceQuality "1"]

1. e4 d6 2. d4 Nf6 3. Nc3 g6 4. f4 Bg7 5. Nf3 0-0 6. Bd3 Na6 7. a3 c5 8. Be3 Ng4 9. Bg1 cxd4 10. Nxd4 Nc5 11. h3 Nf6 12. Qd2 Bd7 13. 0-0-0 Nxd3+ 14. Qxd3 a6 15. g4 b5 16. Nd5 Rc8 17. Be3 a5 18. g5 Nxd5 19. exd5 b4 20. Rd2 bxa3 21. Qxa3 Rc4 22. h4 Ra4 23. Qxa4 Bxa4 24. h5 Qa8 25. Nf3 Rc8 26. hxg6 hxg6 27. Bd4 Rxc2+ 0-1

[Event "SZFO-ch"]
[Site "St Petersburg"]
[Date "2009.03.26"]
[Round "6"]
[White "Nikitinyh, Boris Aleksandrovic"]
[Black "Polonovsky, Evgeniy"]
[Result "0-1"]
[WhiteElo "2217"]
[BlackElo "2117"]
[PlyCount "70"]
[EventDate "2009.03.23"]
[EventType "swiss"]
[EventRounds "9"]
[EventCountry "RUS"]
[SourceTitle "EXT 2010"]
[Source "ChessBase"]
[SourceDate "2010.11.25"]
[SourceVersion "1"]
[SourceVersionDate "2010.11.25"]
[SourceQuality "1"]

1. e4 c5 2. Nf3 d6 3. d4 cxd4 4. Nxd4 Nf6 5. Bd3 Nc6 6. Nxc6 bxc6 7. c4 g6 8. Nc3 Bg7 9. 0-0 0-0 10. h3 Nd7 11. Be3 Qa5 12. Qd2 Ne5 13. Be2 Ba6 14. c5 Nc4 15. Bxc4 Bxc4 16. Rfe1 Rfd8 17. cxd6 Rxd6 18. Qc1 Qb4 19. b3 Rd3 20. Bd2 Rad8 21. Re2 Rxd2 22. Rxd2 Rxd2 23. Qxd2 Bxc3 24. Qd8+ Kg7 25. Rc1 Be6 26. Qc7 Qxe4 27. Qxe7 a5 28. Qc5 Bd4 29. Qc2 Qf4 30. Qxc6 Qxf2+ 31. Kh1 Qxa2 32. Qe4 Bf6 33. b4 Bd5 34. Qg4 axb4 35. Rd1 b3 0-1